| 000 | 00600nam a2200169 4500 | ||
|---|---|---|---|
| 999 |
_c17416 _d17416 |
||
| 008 | 221012b ||||| |||| 00| 0 eng d | ||
| 020 | _a9786214182282 | ||
| 082 |
_22022 _aDFil 347.06 _bT82 |
||
| 100 |
_aTulalian, Victor T. _930610 |
||
| 245 |
_aStudent's manual on evidence : _bwith study helps / _cVictor T. Tulalian. |
||
| 250 | _aSecond edition. | ||
| 260 |
_aQuezon City : _bWiseman's Books Trading., _c©2022. |
||
| 300 |
_avii, 199 pages ; _c22 cm. |
||
| 500 | _aIncludes bibliographical references and appendices. | ||
| 650 |
_aEvidence (Law) _zPhilippines. _946348 |
||
| 942 |
_2ddc _cDFIL |
||